00858nam a2200229 a 4500001001000000003000900010005001700019008004100036040002500077049000900102082001500111100004300126245011800169260006300287300003100350504002800381650005000409650002500459942001400484952011300498999001700611000016847DO-SdBNP20250710141410.0100310s1980 dr d 000 0 spa d aDO-SdBNPbspacBNPHU aBNPD a512bG463a1 aGil Marmolejos, Mara Dolores de93730410aÁlgebra para el 1er. curso del bachillerato tradicional y 3ro. de la reforma /cMara Dolores Gil de Marmolejos. aLa Vega, República Dominicana :bAmigo del Hogar,c1980. a159 p. :bdiagr. ;c22 cm. aBibliografía : p. 157 0aÁlgebraxProblemas, ejercicios, etc.925976 0aMatemáticas 91258 2ddccLBS1 0010718PDaPDbPDcCTd2010-03-10iLF1l0o512 G463ap16847-10r2020-06-25w2020-06-25yLFPDZNo se presta c16379d16379